Κοινωνική αξιολόγηση σχεδίων δημοσίων επενδύσεων στην Ελλάδα

Αποθηκεύτηκε σε:
Λεπτομέρειες βιβλιογραφικής εγγραφής
Κύριος συγγραφέας: Μπίτσικας, Γεώργιος Ι.
Μορφή: Βιβλίο
Γλώσσα:Greek
Δημοσίευση: Αθήνα : ΚΕΠΕ, 1986
Σειρά:Επιστημονικές μελέτες ; ; 21
Θέματα:
Ετικέτες: Προσθήκη ετικέτας
Δεν υπάρχουν, Καταχωρήστε ετικέτα πρώτοι!

MARC

LEADER 00000nam a2200000 i 4500
001 1/27713
008 960425s1986 gre d
035 |l 10022907 
040 |a GR-MY-UA  |b gre  |e aacr 
041 0 |a gre 
082 0 |a 332.6725209 
100 1 |a Μπίτσικας, Γεώργιος Ι. 
245 1 0 |a Κοινωνική αξιολόγηση σχεδίων δημοσίων επενδύσεων στην Ελλάδα 
260 |a Αθήνα :   |b ΚΕΠΕ,   |c 1986 
300 |a 223 σ. 
490 1 |a Επιστημονικές μελέτες  |v ; 21 
650 0 0 |a Investment of public funds  |z Greece. 
650 0 0 |a Investments. 
830 0 |a Επιστημονικές μελέτες ;  |v ; 21 
852 |a INST  |b CHIOS  |e 19960425  |h 332.6725209495 ΜΠΙ  |p 005200005466  |q 005200005466  |t BK  |y 0 
909 |a Χ  |b 008562